Logo BPK

Biblioteka

Politechniki Koszalińskiej

Gemütlose Weinachtsgeschichten / (Rekord nr 49570)

Szczegóły MARC
000 -ETYKIETA REKORDU
podpole kontrolne o stałej długości 00408nam a2200157 i 4500
001 - NUMER KONTROLNY REKORDU
pole kontrolne bgj
040 ## - ŹRÓDŁO KATALOGOWANIA
Instytucja, która utworzyła rekord BPK
041 0# - KOD JĘZYKA
Kod języka tekstu ger
008 - POLE O STAŁEJ DŁUGOŚCI - DANE KONTROLNE
podpole kontrolne o stałej długości s gw f |000 0 ger
100 1# - NAZWA OSOBOWA
Nazwa osobowa BANULS, Andre.
245 10 - TYTUŁ/ODPOWIEDZIALNOŚĆ
Tytuł Gemütlose Weinachtsgeschichten /
Pozostałe elementy strefy tytułu i oznaczenia odpowiedzialności Andre Banuls.
260 ## - STREFA ADRESU WYDAWNICZEGO
Miejsce wydania [Saarbrücken] :
Nazwa wydawcy/dystrybutora Bock & Seip,
Data publikacji, dystrybucji/powstania dokumentu 1986.
300 ## - STREFA OPISU FIZYCZNEGO
Objętość 40 S. :
Inne cechy fizyczne ill. ;
Rozmiary 18 cm.
650 ## - HASŁO PRZEDMIOTOWE W FORMIE NAZWY OGÓLNEJ LUB JEDNOSTKOWEJ
Nazwa ogólna lub geograficzna Deutsche Literatur
856 ## - LOKALIZACJA I DOSTĘP DO ELEKTRONICZNYCH DOKUMENTÓW ZDALNYCH
Link (URL) http://koha.tu.koszalin.pl/cgi-bin/koha/opac-detail.pl?biblionumber=49570
Tekst linku Katalog online BPK
942 ## - DODATKOWE ELEMENTY (KOHA)
Typ dokumentu Książka
Egzemplarze
Wycofany Status egzemplarza Uszkodzony Dostępność Lokalizacja stała Lokalizacja bieżąca Miejsce przechowywania Sygnatura Kod kreskowy Typ dokumentu
      Dostępny Biblioteka Politechniki Koszalińskiej Biblioteka Politechniki Koszalińskiej Wypożyczalnia Językowa N 1399 01582048 Książka
© 2023 Biblioteka Politechniki Koszalińskiej :: KOHA